01531cam a22004097i 4500003000500000005001700005008004100022020002600063020002300089041001200112042001400124082001900138100002500157100001200182245019300194250001900387260003800406300004500444504006700489650003400556650001900590650002300609650002800632650002800660650002300688650001900711650001200730650001200742650001200754700001800766700002800784906004500812942001500857999001700872952011600889952011601005CUTN20241220151307.0121015t20132014nyua b 001 0 eng d a9781429231558 (cloth) a1429231556 (cloth) aEnglish alccopycat04a552.5223bPRO1 aProthero, Donald R.,1 eauthor.10aSedimentary geology :ban introduction to sedimentary rocks and stratigraphy /cDonald R. Prothero, Museum of Natural History, Los Angeles County, Fred Schwab, Washington & Lee University. aThird edition. aNew York :bW.H. Freeman, c2014. avii, 593 pages :billustrations ;c29 cm aIncludes bibliographical references (pages 552-573) and index. 0aSedimentation and deposition. 0aSedimentology. 0aSedimentary rocks. 0aGeology, Stratigraphic. 7aGeology, Stratigraphic. 7aSedimentary rocks. 7aSedimentology. 72fast94 72fast94 72fast941 aSchwab, F. L.1 q(Frederic L.),eauthor. a7bcbcccopycatd2encipf20gy-gencatlg 2ddccBOOKS c43911d43911 00102ddc40708NFICaCUTNbCUTNc500d2024-12-20l0o552.5 PROp50792r2024-12-20 15:13:33w2024-12-20yBOOKS 00102ddc40708NFICaCUTNbCUTNc500d2024-12-20l0o552.5 PROp50793r2024-12-20 15:13:33w2024-12-20yBOOKS